Alle föderalen Monarchien - Statistiken

Allgemein
  • Dieses Quiz wurde 5 mal gespielt
  • Das Durchschnittsergebnis liegt bei 1 aus 5
Antwortstatistiken
Föderale Monarchie % Korrekt
Belgien
100%
Malaysia
20%
Australien
0%
Kanada
0%
St. Kitts und Nevis
0%
Keine übereinstimmenden Quizze gefunden
Verteilung der Resultate
Anzahl Personen mit jedem Resultat
Perzentil nach korrekt beantworteten Fragen
Ihre Resultats-Entwicklung
Sie haben dieses Quiz noch nicht gespielt